000 00555nam a2200193Ia 4500
003 IN-BaIIA
008 211028s9999 xx 000 0 eng d
040 _cIIA Library
080 _a517.3
_bLEB
100 _aLebesgue, Henri
_94942
245 0 _aMeasure and the integral
_cHenri Lebesgue
260 _aSan Francisco
_bHolden-Day
_c1966
300 _axii, 194p.
490 _aThe mathesis series
650 _aAnalytical Geometry
_91676
650 _aCalculus
_91611
650 _aNASA Thesaurus
942 _cBK
999 _c2761
_d2761